000 01897nam a2200217Ia 4500
003 Ost
005 20260507074851.0
008 260507s9999||||xx |||||||||||||| ||und||
040 _cfsecg
041 _aara
082 _a371.2
100 _eمؤلف
245 0 _aاستراتيجيات التطوير في المؤسسات العربية /
260 _aالقاهرة:
_bالمنظمة العربية للتنمية الادارية,
_c2006
300 _a209 صفحة؛
_bإيضاحات ؛
_c29 سم
520 _aالادارة الاستراتيجية للمؤسسات التعليمية، أثر تكنولوجيا الاتصالات والمعلومات على التعليم ومجالات العمل ومتطلبات الاستعداد للالفية الثالثة، الدروس الخصوصية وجه للاقتصاد الخفي يعطل استراتيجيات التعليم، استراتيجية تمويل التعليم الجامعي في الاردن: المشاكل والحلول المقترحة، التعليم العالي في اليمن: الواقع واستشراف المستقبل، استشراف مستقبل التعليم في البلدان العربية: دليل مقترح لتمويل التعليم العالي، الأدوار والقدرات المعرفية ودورها في تمييز القيادة الأكاديمية، استراتيجيات التطوير في التعليم العالي، اعادة اختراع الجامعة، استراتيجية التحول الى جامعة رقمية، قياس الدافع المعرفي لدى طلبة جامعة الموصل، التخطيط الاستراتيجي واستقلالية الجامعة
653 _aالإدارة التعليمية
653 _aالإستراتيجية
653 _aالجامعات والكليات- تنظيم وإدارة
942 _cكتاب
999 _c41571
_d41571